000 00661nam a2200277Ia 4500
005 20260324131222.0
008 008 260324s9999 xx 000 0 eng d
020 _a9781315220505
037 _aEBOOK
040 _aCRL
040 _beng
040 _cCRL
041 _2eng
041 _aeng
084 _qCRL
100 _aLieven Eeckhout; Lizy Kurian John
_91184678
245 0 _aPerformance Evaluation and Benchmarking
260 _bTaylor and Francis
260 _c2006
365 _a
365 _b370
856 _uhttp://www.taylorfrancis.com/books/9781315220505
942 _cEBOOK
999 _c1781635
_d1781635